1428 1103 1955 1466 1202 1016 1149 1249 1219 1089 1760 1569 1714 1966 1282 1388 1616 1840 1391 1838 1589 1305 1649 1246 1503 1795 1180 1038 1414 1282 1124 1405 1161 1310 1551 1147 1002 1879 1006 1520 1460 1773 1679 1535 1815 1788 1487 1679 1438 1202 1136 1128 1802 1791 1131 1318 1626 1231 1903 1396 1584 1657 1377 1721 1324 1804 1272 1600 1939 1883 1701 1661 1292 1630 1660 1912 1210 1315 1904 1403 1959 1689 1138 1304 1678 1146 1388 1705 1699 1874 1361 1602 1354 1159 1953 1486 1769 1141 1462 BCNSPRNW ULIB Ver.6.0+V

เปลี่ยนเป็นภาษาไทย

Change to English
 แสดงรายละเอียดบรรณานุกรม
  กลับหน้าหลัก

Brief Record : Get Marc (ISO 2709) : E-mail record : QR code < ปิดหน้าต่าง
LEADER : 00000nam 2200000uu 4500
001    13399107856
003     ULIB
008    110208s2547||||th 000 0 tha d
020    9749281687
060 04 QV760^bว862ย 2547
100 0  วุฒิ วุฒิธรรมเวช
245 10 ย่อเวชกรรมแผนไทย /^cวุฒิ วุฒิธรรมเวช
250    พิมพ์ครั้งที่ 1
260    กรุงเทพฯ :^bศิลป์สยามบรรจุภัณฑ์และการพิมพ์,^c2547
300    264 หน้า :^bภาพประกอบสี ;^c30 ซม.
500    จัดพิมพ์และจัดจำหน่ายโดย คลินิกธรรมเวชแพทย์แผนไทย
504    บรรณานุกรม
650  7 ยาแผนโบราณ^xตำรับ
650  7 การแพทย์แผนไทย
650  7 การแพทย์แผนโบราณ
710 2  คลินิกธรรมเวชแพทย์แผนไทย
945    ^p500^l0^i018922
945    ^p500^l0^i018923
995    เกษร
999 ^a ใช้งานได้ทุกระบบ
รายการนี้ยังไม่มีแท็ก
คุณยังไม่ได้ล็อกอิน คุณสามารถมีกิจกรรมร่วมกับเว็บไซต์ได้ แต่ต้องล็อกอินก่อน ::
  ล็อกอิน

รายการสื่อสารสนเทศ

ลำดับที่ ประเภท เลขเรียก/บาร์โค้ด สถานที่ สถานะ
- ไม่พบข้อมูล -

รายการใกล้เคียง
    ผู้แต่ง [วุฒิ วุฒิธรรมเวช]

    หัวเรื่อง [การแพทย์แผนไทย]
    หัวเรื่อง [การแพทย์แผนโบราณ]

BibComment


ยังไม่เคยถูกคอมเมนท์

คอมเมนท์ทรัพยากรรายการนี้
  คอมเมนท์: ย่อเวชกรรมแผนไทย ..


 Copyright 2026. Bcnsprnw @Library